| 000 | 00666nam a22002175a 4500 | ||
|---|---|---|---|
| 005 | 20171129120901.0 | ||
| 008 | 160907s1997 gw a fr 000 0 eng d | ||
| 020 | _a9788181283870 | ||
| 020 | _a8181283872 | ||
| 040 |
_aEG-ScBUE _beng _cEG-ScBUE _dEG-ScBUE |
||
| 082 | 0 | 4 |
_222 _a620.106 _bSPU |
| 100 | 1 | _aSpurk, Joseph. | |
| 245 | 1 | 0 |
_aFluid mechanics : _bproblems and solutions / _cJoseph H. Spurk. |
| 250 | _aSpringer international ed. | ||
| 260 |
_aBerlin : _bSpringer-Verlag, _c1997. |
||
| 300 |
_axvii, 601 p. : _bill. ; _c24 cm. |
||
| 650 | 7 |
_2BUEsh _95179 _aFluid mechanics. |
|
| 651 | _2BUEsh | ||
| 653 |
_bENGMEC _cSeptember2016 _cNovember2017 |
||
| 942 | _2ddc | ||
| 999 |
_c22332 _d22304 |
||